SPISY A. S. PUŠKINA DĚTEM PŘEDŠKOLNÍHO VĚKU

Podrobná bibliografia
Hlavný autor: Karpenskaja, N. S. (Autor)
Ďalší autori: Martínková, Z. (Prekladateľ)
Médium: Článok
Jazyk:čeština

MARC

LEADER 00000nab a2200000uu 4500
001 vtls011141737
003 SK-MaSNL
005 20260304002412.0
008 230121| xo |||||||||||||||||cze|
015 |a SNBRB 
035 |a (urnnbn)urn:nbn:sk:snk:ar-008crc 
035 |a (uuid)e0b2277e-0ee1-4c09-bbab-f587f5c8b377 
035 |a urn:nbn:sk:snk-abatdm 
040 |a SNKBUCL  |b slo  |c SNKBUCL  |e AACR2 
041 0 |a cze 
044 |a xo  |c SK 
100 1 |a Karpenskaja, N. S.  |4 aut  |9 1279869 
245 1 0 |a SPISY A. S. PUŠKINA DĚTEM PŘEDŠKOLNÍHO VĚKU  |c N. S. Karpenskaja, Z. Martínková 
700 1 |a Martínková, Z.  |4 trl  |9 783533 
773 0 |t Předškolní výchova  |g Roč. 4, č. 1 (1949-1950), s. 24-26 
954 |a odborná, vedecká literatúra cudzojazyčná (svetová)  |2 lita 
958 |a OND 
958 |a EUIPO 
958 |a article14 
999 |c 2541802  |d 2543732